Cities With the Same First Letter As Their State: Alaska - Statistics

General Stats
  • This quiz has been taken 191 times
  • The average score is 2 of 16
Answers on the Map
Answers color-coded by a green-red scale on the quiz's map according to % correct below.
 
Answer Stats
Population City % Correct
291,247 Anchorage
100%
171 Adak
17%
177 Anderson
9%
53 Atka
9%
357 Angoon
7%
63 Akhiok
6%
1,589 Akutan
6%
756 Alakanuk
5%
211 Aleknagik
5%
274 Ambler
5%
425 Anaktuvuk Pass
5%
507 Aniak
5%
70 Anvik
5%
276 Atqasuk
5%
462 Akiak
4%
177 Allakaket
4%
No matching quizzes found
Score Distribution
Percent of People with Each Score
Percentile by Number Answered
Your Score History
You have not taken this quiz